000 00681nam a2200289Ia 4500
005 20260324133026.0
008 008 260324s9999 xx 000 0 eng d
020 _a9781315234458
037 _aEBOOK
040 _aCRL
040 _beng
040 _cCRL
041 _2eng
041 _aeng
084 _qCRL
100 _aErin K. Baines
_91191519
245 0 _aVulnerable Bodies
245 0 _bGender, the UN and the Global Refugee Crisis
260 _bTaylor and Francis
260 _c2004
365 _a
365 _b230
856 _uhttp://www.taylorfrancis.com/books/9781315234458
942 _cEBOOK
999 _c1790179
_d1790179